Balonmano: a 11 y a 7 jugadores
Bewaard in:
| Hoofdauteur: | |
|---|---|
| Formaat: | Boek |
| Taal: | Spaans |
| Gepubliceerd in: |
Barcelona
Sintes
1955
|
| Onderwerpen: | |
| Tags: |
Voeg label toe
Geen labels, Wees de eerste die dit record labelt!
|
MARC
| LEADER | 00000nam a2200000 a 4500 | ||
|---|---|---|---|
| 001 | UCY9431 | ||
| 003 | CL-VaPUC | ||
| 008 | 950717e19550000SP |||||||||||||||||spa|d | ||
| 082 | 0 | 4 | |a 796.31 |b GLA |2 21 |
| 100 | |a Gladman, George |e author |9 341575 | ||
| 245 | 1 | 0 | |a Balonmano: a 11 y a 7 jugadores |
| 300 | |a 151 p | ||
| 942 | |c BK | ||
| 945 | |d 19950717 00:00:00 |a mfernand | ||
| 260 | |a Barcelona |b Sintes |c 1955 | ||
| 650 | 7 | |a HANDBOL |2 CL-VaPUC |9 341576 | |
| 650 | 7 | |a JUEGOS DE PELOTA |2 CL-VaPUC |9 340284 | |
| 583 | |a last modification |c 19950717 00:00:00 |k Rodrigo Vera | ||
| 999 | |c 236525 |d 236523 | ||
| 952 | |0 0 |1 0 |4 0 |6 796_310000000000000_GLA_1955 |7 0 |8 P |9 244663 |a BIBEDU |b BIBEDU |c BIBEDU_PB |d 2019-11-18 |i 1536184 |o 796.31 GLA 1955 |p 1536184 |r 2024-01-25 |w 2019-11-18 |y BK |k EDU | ||